Muslims and the Congress (Record no. 5774)

MARC details
000 -LEADER
fixed length control field 00654nam a2200253 a 4500
020 ## - INTERNATIONAL STANDARD BOOK NUMBER
ISBN
082 00 - DEWEY DECIMAL CLASSIFICATION NUMBER
Classification number 954.035092
Author Cutter MUS1
100 ## - MAIN ENTRY--AUTHOR NAME
Author name Mushirul Hasan,
245 ## - TITLE STATEMENT
Title Muslims and the Congress
Sub title Select Correspondence of Dr. M.A. Ansari 1912-193
260 ## - PUBLICATION, DISTRIBUTION, ETC. (IMPRINT)
Place of publication Delhi
Name of publisher Manohar
Year of publication 1979
300 ## - PHYSICAL DESCRIPTION
Number of Pages 335p
500 ## - GENERAL NOTE
General note includes index and biblioraphy
505 2# - FORMATTED CONTENTS NOTE
Formatted contents note Index
650 ## - SUBJECT ADDED ENTRY--TOPICAL TERM
Topical Term Ansari-Mukhtar Ahmad
650 ## - SUBJECT ADDED ENTRY--TOPICAL TERM
Topical Term India-Politics
942 ## - ADDED ENTRY ELEMENTS (KOHA)
Koha item type Books
700 1# -
-- Mushirul Hasan,
Holdings
Collection code Home library Current library Date acquired Cost, normal purchase price Full call number Accession Number Koha item type
  Henry Martyn Institute Library Henry Martyn Institute Library 04/04/2007 100.00 954.035092 MUS1 09169 Books
                   Copyright © 2026 | Henry Martyn Institute | Hyderabad | TS-500052 | INDIA | Implemented by hmi.edu.in
Hit-Count:

Powered by Koha